书目信息 |
| 题名: |
牡丹藤
|
|
| 作者: | 朱欢 著 | |
| 分册: | ||
| 出版信息: | 北京 作家出版社 2010.08 |
|
| 页数: | 247页 | |
| 开本: | 20cm | |
| 丛书名: | ||
| 单 册: | ||
| 中图分类: | I227 | |
| 科图分类: | ||
| 主题词: | 诗歌--中国 , 韵文--中国 | |
| 电子资源: | ||
| ISBN: | 978-7-5063-5508-7 | |
| 000 | 00558nam0 2200205 450 | |
| 001 | 1157409973 | |
| 005 | 20111221155814.12 | |
| 010 | @a978-7-5063-5508-7@dCNY24.60 | |
| 100 | @a20111221d2010 km y0chiy0120 ea | |
| 101 | 0 | @achi |
| 102 | @aCN@b110000 | |
| 200 | 1 | @a牡丹藤@Amu dan teng@f朱欢著@Fzhu huan zhu |
| 210 | @a北京@c作家出版社@d2010.08 | |
| 215 | @a247页@d20cm | |
| 606 | 0 | @a诗歌@x中国 |
| 606 | 0 | @a韵文@x中国 |
| 690 | @aI227@v4 | |
| 701 | 0 | @a朱欢@Azhu huan@4著 |
| 801 | 0 | @aCN@b大连网信软件有限公司图书馆·11@c20111221 |
| 905 | @aZUCC@dI227@eZ845 | |
| 牡丹藤/朱欢著.-北京:作家出版社,2010.08 |
| 247页;20cm |
| ISBN 978-7-5063-5508-7:CNY24.60 |
| ● |
| 相关链接 |
|
|
|
正题名:牡丹藤
索取号:I227/Z845
 
预约/预借
| 序号 | 登录号 | 条形码 | 馆藏地/架位号 | 状态 | 备注 |
| 1 | 827681 | 208276818 | 文学库108/108文学库 19排1列2层/ [索取号:I227/Z845] | 在馆 | |
| 2 | 827682 | 208276827 | 社科二线422/422社科库 23排2列4层/ [索取号:I227/Z845] | 在馆 | |
| 3 | 827683 | 208276836 | 文学库108/108文学库 19排1列2层/ [索取号:I227/Z845] | 在馆 |